000 01136nas a2200373 4500
001 BR0205278
003 BR-BrBNA
005 20231205103328.0
007 ta
008 230509b bl.|||p| |||| 00| 00por d
040 _aBR-BrBNA
_bpor
_cBiblioteca Nacional de Agricultura
041 _a(Pt)
072 _aL02; L01
100 1 _aNeumann, M.
100 1 _aRestle, J.
100 1 _aAlves Filho, D.C.
100 1 _aBrondani, I.L.
100 1 _aBernardes, R.A. de L.C.
100 1 _aSouza, A.N.M. de
100 1 _aKuss, F.
245 1 _aAvaliação da silagem de diferentes híbridos de sorgo (Sorghum bicolor, L. Moench)por meio do desempenho de novilhos de corte confinados
650 _aNOVILHO DE CORTE
650 _aSORGO
650 _aSILAGEM
650 _aDIETA
650 _aCONFINAMENTO
650 _aGANHO DE PESO
650 _aVOLUMOSOS
650 _aCONSUMO ALIMENTAR
650 _aPERFORMANCE
773 0 _tRevista Brasileira de Zootecnia (Brazil)
_xISSN 1516-3598
_g(Nov-Dec 2001), v. 30(6)Suplemento p. 2099-2109
_wBR0205278
909 _a202311
_bLúcia
_c55
_dLúcia Elande
942 _2AGRIS
_n0
_cANA
999 _c172297
_d172297